[Event "Bundesliga 0506"]
[Site "Germany"]
[Date "2005.10.22"]
[Round "1.4"]
[White "Braun, Arik"]
[Black "Seel, Christian"]
[Result "1-0"]
[WhiteElo "2465"]
[BlackElo "2492"]
[Annotator "Ribli,Z"]
[PlyCount "110"]
[EventDate "2005.10.21"]
[EventType "team-tourn"]
[EventRounds "15"]
[EventCountry "GER"]
[SourceTitle "CBM 110"]
[Source "ChessBase"]
[SourceDate "2006.01.31"]
[SourceVersion "1"]
[SourceVersionDate "2006.01.31"]
[SourceQuality "1"]
[WhiteTeam "Eppingen"]
[BlackTeam "Godesberg"]
[WhiteTeamCountry "GER"]
[BlackTeamCountry "GER"]

1. d4 d5 2. c4 c5 {Diese Variante ist ein seltener Gast in der Turnierpraxis.}
3. Nc3 {Nach meiner Meinung bietet die Alternative 3.cxd5 Weiß mehr Aussichten
auf Eröffnungsvorteil.} (3. cxd5 Nf6 4. e4 $5 (4. Nf3) 4... Nxe4 5. dxc5 Nxc5
6. Nf3 (6. Nc3 e5) 6... e6 7. Nc3 $14) 3... Nf6 4. Nf3 {Mit Zugumstellung ist
die Variante 1.c4 c5 2.Nf3 Nf6 3.Nc3 d5 4.d4 erreicht.} (4. cxd5 Nxd5 5. e4
Nxc3 6. bxc3 cxd4 7. cxd4 e5 $5) 4... cxd4 $6 (4... e6 $5 {Mit diesem Zug kann
Schwarz die Semi-Tarrasch Variante erreichen.}) 5. Nxd5 Nxd5 6. cxd5 Qxd5 7.
Qxd4 {In der symmetrischen Stellung hat Weiß ein Tempoplus (sein Springer
steht schon auf f3).} Qxd4 8. Nxd4 a6 {Ein üblicher Vorbereitungszug in
solchen Stellungen, Schwarz bereitet 9...e5 vor.} (8... Bd7 $5 {[%cal Gb8c6]})
9. g3 {[%cal Gf1g2,Gg2a8]} e5 10. Nb3 $5 (10. Nf3 Nc6 11. Bg2 Be7 (11... Bb4+
12. Bd2 O-O 13. Bxb4 Nxb4 14. O-O f6 15. a3 Nc6 16. Rfd1 Be6 17. Rac1 Rfd8 {
1/2-1/2 Katetov,M-Kottnauer,C/Prague 1946/MCD (31)}) 12. O-O O-O 13. e4 f6 14.
Be3 Be6 15. b3 Nb4 {1/2-1/2 Andronic,I-Iurascu,M/Chisinau 2005/(38)}) (10. Nc2
Bd7 11. Bg2 Bc6 12. O-O Bxg2 13. Kxg2 Nc6 14. Rd1 Bc5 15. Rd5 Ba7 16. Be3 Rd8
17. Rad1 Rxd5 18. Rxd5 Bxe3 19. Nxe3 Ke7 {1-0 Mishuchkov,N-Zhuravliov,V/
Volgograd 1977/EXT 2002 (35)}) 10... Bd7 (10... Nc6 11. Bg2 Bd7 12. O-O O-O-O
13. Be3 Kb8 14. Rfd1 Be8 15. Bb6 Rxd1+ 16. Rxd1 $14 {1/2-1/2 Sasikiran,
K-Milanovic,D/playchess.com 2004/EXT 2005 (69)}) 11. Bg2 Bb4+ (11... Bc6 12.
O-O Bxg2 13. Kxg2 Nd7 14. Be3 Bd6 15. Rfd1 Ke7 16. Rd3 Bc7 17. Rc1 Rhc8 18.
Rdc3 Kd8 {1/2-1/2 Egartner,W-Gueting,J/Germany 2002/EXT 2003 (47)}) 12. Kf1 (
12. Bd2) 12... Bc6 13. Be3 $14 {[%csl Gb3,Yc5][%cal Gb3c5][%mdl 32] Weiß hat
einen kleinen, aber dauerhaften Positionsvorteil; sein positioneller Druck am
Damenflügel wird größer.} a5 (13... Bxg2+ 14. Kxg2 Nc6 15. Rhd1 $14) 14. Rd1
Nd7 (14... a4 15. Nc5 $14) 15. Bxc6 bxc6 16. Kg2 {Weiß besitzt eine gesunde
Bauernstruktur, während die schwarzen Bauern am Damenflügel schwach sind.} a4
17. Nd2 {[%cal Gd2c4]} O-O-O (17... Bxd2 18. Rxd2 $16) 18. Nc4 $16 {[%csl Gc4]
Auch wenn das Material reduziert ist, so besitzt Weiß Positionsvorteil; er hat
die bessere Bauernstruktur und sein c4N steht ausgezeichnet.} f6 19. Rd3 {
[%cal Gh1d1,Gd1d8]} Nb8 {Dieser Zug verliert einen Bauern, aber guter Rat war
teuer, da Weiß 20.Rhd1 und 21.Rxd7, 22.Nb6+ droht mit Figurengewinn.} 20. Nb6+
Kc7 21. Rxd8 Rxd8 22. Nxa4 Rd5 23. Nb6 (23. a3 $16) 23... Rb5 24. Nc4 Bc5 25.
Bd2 (25. Bxc5 Rxc5 26. b3 $16) 25... Bb4 26. Bc1 (26. Bxb4 Rxb4 27. b3 $16)
26... Rd5 27. b3 Nd7 28. Be3 Bc5 29. Bd2 Nb6 30. Ba5 $1 {Weiß möchte die
Stellung mit 31.Bxb6 vereinfachen, wonach er ein technisch gewonnenes Endspiel
mit einem "ewigen" Springer auf c4 erhält.} Kb7 31. Bxb6 Bxb6 32. Kf3 {[%mdl
4096]} f5 33. e3 g5 34. Ke2 e4 35. h4 f4 (35... h6 36. hxg5 hxg5 37. Rh7+ Bc7
38. g4 f4 (38... fxg4 39. Re7 $18) 39. Re7 $18) (35... g4 36. Rd1) 36. gxf4
gxf4 37. exf4 $18 {Weiß hat zwei Bauern mehr und steht auf Gewinn.} Bc7 38. Ke3
Rf5 39. Ne5 Bxe5 40. fxe5 Rxe5 41. Rg1 {[%cal Rg1g7]} h6 42. Rg6 Rh5 43. Rg4 (
43. Kxe4 Rxh4+ 44. f4 $18) 43... Ra5 44. a4 Rc5 45. Kxe4 Rc2 46. f4 Rc3 47. f5
Kc7 (47... Rxb3 48. f6 $18) 48. f6 Kd7 49. f7 Ke7 50. Rf4 Kf8 51. Rf3 Rc1 52.
Ke5 Rc2 53. b4 Rc1 54. a5 h5 55. Rf4 Ra1 1-0

[Event "Winterthur"]
[Site "Winterthur"]
[Date "1996.??.??"]
[Round "1"]
[White "Ballmann, Martin"]
[Black "Van der Sterren, Paul"]
[Result "0-1"]
[WhiteElo "2360"]
[BlackElo "2510"]
[Annotator "Ribli,Z"]
[PlyCount "59"]
[EventDate "1996.09.??"]
[EventType "tourn"]
[EventRounds "11"]
[EventCountry "SUI"]
[EventCategory "9"]
[SourceTitle "CBM 055"]
[Source "ChessBase"]
[SourceDate "1996.12.01"]
[SourceVersion "1"]
[SourceVersionDate "1996.12.01"]
[SourceQuality "1"]

1. c4 c5 2. g3 Nf6 3. Bg2 d5 4. cxd5 Nxd5 5. Nc3 Nc7 6. d3 {Ribli. Meiner
Meinung nach ist die Variante 6.Qb3 Nc7 7.Bc6 bc6 chancenreicher fuer Weiss.}
e5 7. Be3 Be7 8. Rc1 Ne6 $5 (8... Nba6 9. Nf3 f6 10. Nd2 Rb8 {Ribli.}) (8...
O-O $2 9. Na4 Ne6 10. Nxc5 Qa5+ 11. Bd2 Qxa2 12. Nxb7 Bd7 13. Na5 Na6 14. Ra1
Qxb2 15. Nc4 Qb5 16. Ra5 $18 {Petran,Pe-Kundrik,P/Topolcianky ch-SVK/}) 9. Qa4+
$6 {Ribli.Statt dessen empfiehlt die Theorie 9.Nf3 Nc6 10.Na4 Qa5 11.Nd2 Ned4
mit gleichem Chancen, Karpov - Sokolov,A.Bugojno,1986. Aber 10.0-0 kommt in
Betracht.} (9. Qb3 Nd7 10. Nf3 O-O 11. O-O Re8 12. Nd2 Nd4 13. Qd5 Bf8 14. Nc4
Qe7 15. Bxd4 exd4 16. Ne4 Nf6 $10 {Giardelli,S-Spangenberg,H/Buenos Aires
Najdorf/1995/CBM49/}) 9... Bd7 {Ribli.Die prinzipielle Fortsetzung. Schwarz
hat bereits Material fuer die schnelle Entwicklung gegeben.} 10. Qb3 Nc6 $1 11.
Qxb7 {Ribli. Weiss spielt konsequent, aber nach dem Textzug hat er grossen
Entwicklungsnachteil.} (11. Nf3) 11... Rb8 12. Qa6 Rb6 13. Qa4 Ncd4 14. Qxa7 $6
(14. Qd1 Rxb2 15. Nf3 {Ribli.Schwarz steht aktiver, aber die weisse Stellung
ist leicht haltbar.}) 14... Rxb2 15. Nf3 Nc2+ $44 16. Kf1 {Ribli.Weiss hat
sehr materiell gespielt. Nur wegen eines Bauern kann er nicht rochieren, und
es fehlt die Koordination zwischen seinen Figuren.} Bd6 $1 {Ribli.Schwarz hat
viel Zeit fuer Ne3, jetzt droht eventuell Bb8, und die abschweifende weisse
Dame fuehlt sich sehr unbehaglich.} 17. Ne4 Bb8 18. Qa8 O-O 19. Ne1 $2 {
Ribli.Natuerlich hat Schwarz Kompensation, jedoch ist die Stellung nicht klar.}
(19. Nxc5 Nxe3+ (19... Qc8 $5 20. Nb3 (20. Qd5 $13) 20... Rxb3 21. Rxc2 Rb1+
22. Ne1 Qxc2 $19) (19... Nc7 $2 20. Qa5 (20. Qe4)) (19... Qb6 20. Nxd7 Nxe3+
21. fxe3 (21. Kg1 $5 Rb1 22. Rf1 Nxf1 23. Bxf1) 21... Qxe3 22. Re1 Ba7) 20.
fxe3 Nxc5 (20... Qb6 $5 21. Nxd7 Qxe3 22. Re1 Ba7) 21. Rxc5 Rb1+ 22. Kf2 Rxh1
23. Bxh1 e4 24. dxe4 (24. Qxe4 $16) 24... Bxg3+ $19) (19. Bxc5 $5 f5 (19... Nc7
$2 20. Qa5 $8) (19... Nxc5 20. Nxc5 Qc8 21. Nxd7 Ne3+ 22. fxe3 Qxc1+ 23. Kf2
Qc2 24. Re1) 20. Bxf8 fxe4 21. Qxe4 Qxf8 $13) 19... Nxe3+ 20. fxe3 f5 $17 {
Ribli.In dieser Stellung sagen wir " Black is O.K." oder mehr.} 21. Nxc5 (21.
Nc3 f4 $5 (21... e4)) 21... Nxc5 22. Rxc5 f4 {[#]} 23. gxf4 (23. Qd5+ Kh8 24.
exf4 (24. gxf4 exf4 25. e4 Rb1) 24... exf4 $40) 23... exf4 24. e4 Rb1 25. Qd5+
Kh8 26. Qg5 (26. Qh5 Ba7 (26... Qb6)) 26... Qb6 {Ribli.Trotz zwei Minusbauern
steht Schwarz ueberzeugend, die schwarzen Felder im weissen Lager sind sehr
schwach.} 27. Rd5 Be6 28. Qe7 (28. Ra5 Ba7 29. Rxa7 Qxa7) 28... Rc8 $19 29. d4
Bxd5 30. exd5 {Ribli.Schwarz hat total gewonnen. 30...Ba7 oder 30...Qd4
gewinnt leicht.} 0-1

[Event "FIDE-Wch k.o."]
[Site "Tripoli"]
[Date "2004.06.23"]
[Round "3.1"]
[White "Aronian, Levon"]
[Black "Smirnov, Pavel"]
[Result "1/2-1/2"]
[WhiteElo "2645"]
[BlackElo "2601"]
[Annotator "Ribli,Z"]
[PlyCount "94"]
[EventDate "2004.06.19"]
[EventType "k.o."]
[EventRounds "7"]
[EventCountry "LBY"]
[SourceTitle "CBM 102"]
[Source "ChessBase"]
[SourceDate "2004.09.23"]
[SourceVersion "1"]
[SourceVersionDate "2004.09.23"]
[SourceQuality "1"]

1. c4 c5 2. Nf3 Nf6 3. Nc3 Nc6 4. g3 d5 5. cxd5 Nxd5 6. Bg2 Nc7 7. O-O e5 {
Das ist die Maroczy-Variante der Sizilianische Verteidigung, aber mit
umgekehrten Farben. Weiß hat eine schnelle Entwicklung, aber die schwarze
Zentrumsstellung ist fest und er kontrolliert sehr stark das Feld d4.} 8. d3
Be7 9. Nd2 Bd7 10. Nc4 f6 (10... O-O 11. Bxc6 Bxc6 12. Nxe5 Be8 $44 {Schwarz
hat in diesem Fall einige Kompensation für den Bauern (denn er hat das
Läuferpaar und die weißen Felder am weißen Königsflügel sind schwach), aber
ich bin gar nicht sicher, ob das ausreichend ist.}) 11. f4 b5 12. Ne3 Rc8 13.
a4 b4 14. Nb5 exf4 15. Bxc6 fxe3 (15... Bxc6 $5 16. Nxa7 Bb7 17. Nxc8 fxe3 18.
Nb6 (18. Nxe7 Qxe7 $44 {[%csl Gb7][%cal Gb7h1]}) 18... h5 $44 {[%cal Gh5h4]}
19. Bxe3 h4 $44 {1/2-1/2 Lputian,S-Perunovic,M/Neum 2002/CBM 90/[Ribli] (82)})
16. Be4 {[%csl Ge4][%cal Ge4h7] Der weißfeldrige Läufer soll nicht getauscht
werden.} (16. Bxd7+ Qxd7 17. Nxc7+ (17. Bxe3 $2 Nd5 $19 {[%csl Rb5][%cal Ra7a6,
Ra6b5,Rd5e3]}) 17... Rxc7 18. Bxe3 Qe6 $11) 16... Nxb5 17. axb5 Bxb5 18. Rxa7
O-O (18... Qd4 $2 19. Bf5 $16 {[%cal Rf1f4,Rf4d4]}) 19. Bxe3 $11 {Nach den
Vereinfachungen haben wir eine ausgeglichene Stellung - Weiß hat aktives
Figurenspiel, aber es gibt keine Schwächen in der schwarzen Stellung.} Kh8 20.
Qa1 {[%cal Ga1a5,Ga5d8] Die weiße positionelle Drohung ist 21.Qa5.} (20. Rf5
Bc6 21. Bxc6 Rxc6 22. Qb3 Rc7 $11) 20... Bd6 21. Rf5 (21. Qa5 Qe8 $11) 21...
Bd7 {[#]} 22. Qf1 $1 $36 {[%mdl 2048] Eine große Überraschung - Weiß bringt
die Dame am Königsflügel ins Spiel.} Qe8 (22... Bxf5 $2 23. Qxf5 g6 24. Rxh7+
$18) (22... Bc6 23. Bxc6 Rxc6 24. Qf3 Rc7 $11) 23. Rd5 f5 $1 {Schwarz muss
sich präzise verteidigen, sonst bekommt Weiß überlegenen Angriff.} (23... Qe6
24. Bf4 Bxf4 25. Qxf4 $16) 24. Qh3 {[%cal Gh3d7]} fxe4 (24... Bc6 $2 25. Rxd6
fxe4 26. Qg4 Rg8 27. Qh4 $18 {[%csl Rh8][%cal Rh4h7] Die weiße Drohung ist 28.
Qxh7+ und 29.Rh6#.}) 25. Qxd7 Qxd7 26. Rxd7 exd3 27. exd3 (27. Rxd3 Be5 $11)
27... Rce8 28. Bg5 (28. Bxc5 Bxc5+ 29. Rxc5 Re1+ 30. Kg2 Re2+ 31. Kh3 Rxb2 $11)
28... Be5 29. Be7 Rxe7 $1 {Dieses Qualitätsopfer bietet Schwarz vollwertiges
Spiel.} (29... Bd4+ 30. Rxd4 Rxe7 31. Rxe7 cxd4 32. Rb7 $16) 30. Rxe7 Bxb2 31.
Rf7 (31. Rxc5 $4 Bd4+ $19) 31... Re8 (31... Kg8 32. Rxf8+ Kxf8 $11) 32. Rfd7
Bd4+ 33. Kg2 b3 34. Rd8 Rg8 35. R5d7 (35. Rxg8+ Kxg8 36. Rd8+ Kf7 37. Rb8 b2
38. Kf3 Bc3 39. Rb3 {ist Zugumstellung zur Partie - siehe 39.Kf3.}) 35... b2
36. Rxg8+ Kxg8 37. Rb7 {[%mdl 4096] Schwarz hat nur einen Bauern für die
Qualität, aber der Bd4 und besonders der Pb2 sind sehr stark, so kann Weiß
seinen Materialvorteil nicht verwerten.} Bc3 {[%cal Rc3b4] Die schwarze
Drohung ist 38...Bb4 mit sofortigem Gewinn.} 38. Rb3 $8 Kf7 {[%csl Gf7][%cal
Gf7e6,Ge6e5] Nun komm der schwarze König ins Spiel.} 39. Kf3 Kf6 40. Ke2 {
[%cal Ge2d1,Gd1c2] Der weiße König strebt nach c2, er möchte den Turm befreien.
} (40. Ke4 Ke6 $11) 40... Kf5 {[%cal Gf5g4]} 41. h3 g5 42. Kd1 (42. Kf3 h5 $11
(42... g4+ 43. hxg4+ Kg5 $11)) 42... g4 43. hxg4+ Kxg4 44. Kc2 Bd4 45. Rb6 h5 (
45... Kxg3 46. Rh6 $11) 46. Rg6+ Kf5 47. Rg8 Be5 1/2-1/2

[Event "Lazne Bohdanec"]
[Site "Lazne Bohdanec"]
[Date "1995.??.??"]
[Round "3"]
[White "David, Pavel"]
[Black "Sax, Gyula"]
[Result "1/2-1/2"]
[WhiteElo "2445"]
[BlackElo "2535"]
[Annotator "Ribli,Z"]
[PlyCount "56"]
[EventDate "1995.01.??"]
[EventType "tourn"]
[EventRounds "11"]
[EventCountry "CZE"]
[EventCategory "10"]
[SourceTitle "CBM 045"]
[Source "ChessBase"]
[SourceDate "1995.04.01"]
[SourceVersion "1"]
[SourceVersionDate "1995.04.01"]
[SourceQuality "1"]

1. c4 c5 2. g3 Nf6 3. Bg2 d5 4. cxd5 Nxd5 5. Nc3 Nc7 6. Nf3 (6. d3 $5) 6... Nc6
7. d3 e5 8. O-O Be7 9. Nd2 Bd7 10. Nc4 f6 (10... O-O 11. Bxc6 Bxc6 12. Nxe5 Be8
$44 {Krnic,Z-Lobron,E/Tilburg/1994/CBM44/}) 11. a4 O-O 12. f4 (12. a5 Kh8 13.
Be3 Be8 14. f4 exf4 15. gxf4 Rb8 $13 {Dragomarezkij,E-Lazarev,V/Alushta/1993/
CBM38/}) 12... exf4 13. gxf4 (13. Bxf4 Ne6 14. Bd2 Kh8 15. Nd5 Rb8 $13 {
Gulko,B-Yudasin,L/Sevilla/1992/CBM29/INF53,57/}) 13... f5 $5 (13... Be6 $6 14.
f5 Bf7 15. Rf4 Qd7 16. Qf1 Nd5 17. Rg4 $14 {Gheorghiu,F-Bouaziz,S/Riga izt/
1979/INF28,103/}) 14. Ne5 (14. Qb3 Kh8 15. Qxb7 $2 Rb8 16. Bxc6 Rxb7 17. Bxb7
$17) 14... Nxe5 15. fxe5 Rb8 16. e3 (16. Nd5 Be6 17. Nxe7+ Qxe7 $13) 16... Be6
17. d4 cxd4 18. exd4 Bb4 (18... Bc4 19. Rf3 Qd7 20. b3 Be6 $10) 19. a5 Nd5 20.
Qf3 $5 Bxc3 (20... Nxc3 $2 21. bxc3 Bxa5 22. d5 $16) (20... Ne7 $5) 21. bxc3
Rc8 22. Bd2 Rf7 23. Rfc1 Rfc7 24. Rab1 (24. Qd3 Rc4 25. Rab1 $13) 24... Qd7 25.
Qd3 Rc4 (25... h6 $5 $10) 26. Rb3 b5 27. axb6 Nxb6 28. Rcb1 R4c7 {Ribli} (28...
R4c7 29. Rxb6 $5 axb6 (29... Bc4 $2 30. e6 $16) 30. Rxb6 $44 (30. d5 $44))
1/2-1/2